[Event "Wch U12 blitz"]
[Site "Rhodes"]
[Date "2022.05.03"]
[Round "2"]
[White "Bangert, Jonas"]
[Black "Begmuratov, Khumoyun"]
[Result "0-1"]
[WhiteElo "1483"]
[BlackElo "1961"]
[PlyCount "46"]
[EventDate "2022.05.03"]
[EventType "swiss (blitz)"]
[EventRounds "9"]
[EventCountry "GRE"]
[SourceTitle "CBM 208 Extra"]
[Source "ChessBase"]
[SourceDate "2022.07.31"]
[SourceVersion "1"]
[SourceVersionDate "2022.07.31"]
[SourceQuality "1"]

1. d4 Nf6 2. Nf3 g6 3. Bf4 Bg7 4. Nbd2 0-0 5. h3 c5 6. c3 d6 7. e4 Nc6 8. e5 Nd5 9. Bh2 cxd4 10. cxd4 dxe5 11. dxe5 Ndb4 12. Qb3 Bf5 13. Be2 Nc2+ 14. Kf1 Nxa1 15. Qxb7 Rb8 16. Qxc6 Rc8 17. Qa4 Rc1+ 18. Bd1 Bc2 19. Qxc2 Nxc2 20. Ke2 Nd4+ 21. Nxd4 Qxd4 22. Re1 Rd8 23. Nf3 Qd3# 0-1

[Event "Wch U12 rapid"]
[Site "Rhodes"]
[Date "2022.05.02"]
[Round "6"]
[White "Shevchenko, Yaroslav"]
[Black "Bangert, Jonas"]
[Result "1-0"]
[WhiteElo "1827"]
[BlackElo "1483"]
[PlyCount "113"]
[EventDate "2022.05.01"]
[EventType "swiss (rapid)"]
[EventRounds "9"]
[EventCountry "GRE"]
[SourceTitle "CBM 208 Extra"]
[Source "ChessBase"]
[SourceDate "2022.07.31"]
[SourceVersion "1"]
[SourceVersionDate "2022.07.31"]
[SourceQuality "1"]

1. d4 Nf6 2. c4 e6 3. g3 d5 4. Nf3 Be7 5. Bg2 0-0 6. 0-0 b6 7. cxd5 Nxd5 8. a3 Nd7 9. e4 N5f6 10. Nc3 Bb7 11. Re1 c5 12. d5 Qc7 13. Nb5 Qc8 14. d6 Bd8 15. e5 Nd5 16. Qc2 a6 17. Nc3 b5 18. Ng5 Bxg5 19. Bxg5 Nxc3 20. Qxc3 Bxg2 21. Kxg2 Qc6+ 22. Kg1 f6 23. exf6 gxf6 24. Bh6 Rfe8 25. Rad1 Ne5 26. Rxe5 fxe5 27. Qxe5 Qd7 28. Qg5+ Kh8 29. Qe5+ Kg8 30. Qxc5 Rac8 31. Qg5+ Kh8 32. Qf6+ Kg8 33. Qg5+ Kh8 34. Qe5+ Kg8 35. Rd4 Rc4 36. b3 Rxd4 37. Qxd4 e5 38. Qd5+ Kh8 39. Bg5 Kg7 40. h4 Re6 41. Be7 Rxe7 42. dxe7 Qxd5 43. e8Q Qd1+ 44. Kh2 Qe2 45. Qe7+ Kg8 46. Qf6 e4 47. Qf4 Kg7 48. Qe3 Qc2 49. Kg2 Kg8 50. b4 Kg7 51. Qa7+ Kg8 52. Qxa6 e3 53. Qa8+ Kg7 54. Qa7+ Kg8 55. Qxe3 Qc6+ 56. Kh2 Qd5 57. Qg5+ 1-0

[Event "Wch U12 rapid"]
[Site "Rhodes"]
[Date "2022.05.01"]
[Round "2"]
[White "Karvatskyi, Oleksii"]
[Black "Bangert, Jonas"]
[Result "1-0"]
[WhiteElo "1919"]
[BlackElo "1483"]
[PlyCount "71"]
[EventDate "2022.05.01"]
[EventType "swiss (rapid)"]
[EventRounds "9"]
[EventCountry "GRE"]
[SourceTitle "CBM 208 Extra"]
[Source "ChessBase"]
[SourceDate "2022.07.31"]
[SourceVersion "1"]
[SourceVersionDate "2022.07.31"]
[SourceQuality "1"]

1. e4 c5 2. b3 Nc6 3. Bb2 d6 4. Bb5 e5 5. Nc3 g6 6. Nge2 Bg7 7. Bc4 f5 8. exf5 Bxf5 9. Ng3 Nge7 10. Nxf5 Nxf5 11. 0-0 Nfe7 12. Nd5 a6 13. a4 Rb8 14. Nxe7 Nxe7 15. Be6 d5 16. f4 Qd6 17. Qg4 Rf8 18. Rae1 d4 19. fxe5 Bxe5 20. Rxf8+ Kxf8 21. Rf1+ Kg7 22. Rf7+ Kh8 23. Qh4 Bg7 24. Qxe7 Qxe7 25. Rxe7 Rd8 26. Rxb7 Re8 27. Rb6 Bf8 28. c3 Kg7 29. cxd4 cxd4 30. Bxd4+ Kh6 31. Be3+ Kh5 32. Bc4 Ra8 33. Be2+ Kh4 34. Rc6 Re8 35. Rc4+ Re4 36. Rxe4# 1-0

[Event "GER-ch U12"]
[Site "Willingen"]
[Date "2021.08.29"]
[Round "9"]
[White "Braun, Julian1111"]
[Black "Bangert, Jonas"]
[Result "1-0"]
[WhiteElo "1436"]
[BlackElo "1541"]
[PlyCount "81"]
[EventDate "2021.08.22"]
[EventType "swiss"]
[EventRounds "9"]
[EventCountry "GER"]
[SourceTitle "EXT 2022"]
[Source "ChessBase"]
[SourceDate "2021.10.06"]
[SourceVersion "1"]
[SourceVersionDate "2021.10.06"]
[SourceQuality "1"]

1. e4 c6 2. Nc3 d5 3. Nf3 dxe4 4. Nxe4 Nf6 5. Qe2 Nxe4 6. Qxe4 Nd7 7. Bc4 Nf6 8. Ne5 e6 9. Qe2 Be7 10. 0-0 0-0 11. b3 Qc7 12. Bb2 b5 13. Bd3 Bb7 14. Rae1 a6 15. Qe3 Nd5 16. Qg3 Bd6 17. Qh4 f5 18. Nf3 Be7 19. Qg3 Qxg3 20. hxg3 Nb4 21. Rxe6 Bc5 22. Be2 Bc8 23. Re5 Bd6 24. Ba3 Bxe5 25. Nxe5 Re8 26. f4 Nd5 27. Bf3 Bb7 28. Bc5 Rad8 29. d4 Nc3 30. a3 a5 31. Bb6 Rd6 32. Bxa5 Ne4 33. Bxe4 fxe4 34. Bb6 Ra8 35. Bc5 Rd5 36. Re1 Re8 37. Rxe4 Re6 38. Re1 Rf6 39. Nd3 g6 40. Re8+ Kg7 41. Ne5 1-0

[Event "GER-ch U12"]
[Site "Willingen"]
[Date "2021.08.23"]
[Round "1"]
[White "Zobel, Christian Erik"]
[Black "Bangert, Jonas"]
[Result "1-0"]
[WhiteElo "1641"]
[BlackElo "1541"]
[PlyCount "77"]
[EventDate "2021.08.22"]
[EventType "swiss"]
[EventRounds "9"]
[EventCountry "GER"]
[SourceTitle "EXT 2022"]
[Source "ChessBase"]
[SourceDate "2021.10.06"]
[SourceVersion "1"]
[SourceVersionDate "2021.10.06"]
[SourceQuality "1"]

1. e4 c6 2. Nf3 d5 3. Nc3 dxe4 4. Nxe4 Nf6 5. Qe2 Nxe4 6. Qxe4 Nd7 7. Bc4 Nf6 8. Qe2 Bf5 9. d3 h6 10. 0-0 e6 11. Bf4 Be7 12. Rad1 0-0 13. h3 b5 14. Bb3 c5 15. c4 b4 16. d4 Qb6 17. Be3 Rac8 18. dxc5 Bxc5 19. Bxc5 Rxc5 20. Rd4 Rfc8 21. Rfd1 a5 22. Ba4 Qc7 23. Bb5 e5 24. Rd6 Ne8 25. R6d5 f6 26. Qd2 Kf8 27. Rd8 Ke7 28. Nh4 Be4 29. Rd7+ Kf8 30. Rxc7 R8xc7 31. Bxe8 Kxe8 32. Qd8+ Kf7 33. Rd7+ Rxd7 34. Qxd7+ Kg8 35. b3 Bb1 36. Qd6 Rxc4 37. Qe6+ Kh8 38. Qxc4 Bxa2 39. Qc2 1-0

[Event "GER-ch U10"]
[Site "Willingen"]
[Date "2020.10.30"]
[Round "5"]
[White "Bangert, Jonas"]
[Black "Burkart, Lloyd Shang"]
[Result "0-1"]
[WhiteElo "1549"]
[BlackElo "1508"]
[PlyCount "76"]
[EventDate "2020.10.26"]
[EventType "swiss"]
[EventRounds "7"]
[EventCountry "GER"]
[SourceTitle "CBM 199 Extra"]
[Source "ChessBase"]
[SourceDate "2021.01.31"]
[SourceVersion "1"]
[SourceVersionDate "2021.01.31"]
[SourceQuality "1"]

1. d4 Nf6 2. Nf3 c5 3. c3 Qc7 4. Bg5 d5 5. e3 e6 6. Nbd2 Nbd7 7. Be2 Bd6 8. Bh4 c4 9. Qc2 b5 10. a3 Bb7 11. Bxf6 Nxf6 12. b4 a6 13. 0-0 0-0 14. Rfb1 Bc6 15. Qc1 a5 16. Bd1 Rfb8 17. Bc2 h6 18. Qe1 Ne4 19. Nf1 Kf8 20. Bxe4 dxe4 21. N3d2 Ra6 22. Qd1 Rba8 23. h3 Qa7 24. Qc2 f5 25. Ra2 axb4 26. cxb4 Rxa3 27. Rab2 Bd5 28. Rc1 c3 29. Rbb1 cxd2 30. Nxd2 Qa4 31. Qb2 Ra2 32. Qc3 Qa3 33. Nb3 Bxb4 34. Qc7 Bxb3 35. Qd7 Be7 36. Rc7 Bd5 37. Rb3 Ra1+ 38. Kh2 Qd6+ 0-1

[Event "GER-ch U10"]
[Site "Willingen"]
[Date "2020.10.27"]
[Round "1"]
[White "Ehrath, Hendrik"]
[Black "Bangert, Jonas"]
[Result "0-1"]
[WhiteElo "1193"]
[BlackElo "1549"]
[PlyCount "72"]
[EventDate "2020.10.26"]
[EventType "swiss"]
[EventRounds "7"]
[EventCountry "GER"]
[SourceTitle "CBM 199 Extra"]
[Source "ChessBase"]
[SourceDate "2021.01.31"]
[SourceVersion "1"]
[SourceVersionDate "2021.01.31"]
[SourceQuality "1"]

1. e4 c6 2. Nc3 d5 3. Nf3 dxe4 4. Nxe4 Nf6 5. Bc4 Nxe4 6. Qe2 Nf6 7. Ng5 e6 8. d3 h6 9. Nf3 Be7 10. Bf4 Nbd7 11. 0-0 b5 12. Bb3 Nb6 13. Ne5 Bd7 14. Qf3 Qc8 15. Qg3 Nh5 16. Qf3 Nxf4 17. Qxf4 Bf6 18. Ng4 Qd8 19. Nxf6+ Qxf6 20. Qg3 0-0 21. Qc7 Qxb2 22. Rab1 Qf6 23. Qg3 Rac8 24. c4 c5 25. cxb5 Bxb5 26. Rfc1 Bxd3 27. Qxd3 Rfd8 28. Qg3 Rd7 29. Rd1 Rxd1+ 30. Rxd1 c4 31. Bc2 Qb2 32. Be4 c3 33. Rb1 c2 34. Qb3 cxb1Q+ 35. Bxb1 Rc1+ 36. Qd1 Rxd1# 0-1

[Event "GER Pfingstopen U12"]
[Site "Playchess.com INT"]
[Date "2020.06.02"]
[Round "9"]
[White "Kieselbach, Jannik"]
[Black "Bangert, Jonas"]
[Result "1-0"]
[WhiteElo "1449"]
[BlackElo "1620"]
[PlyCount "103"]
[EventDate "2020.06.02"]
[EventType "swiss (blitz)"]
[EventRounds "11"]
[EventCountry "GER"]
[SourceTitle "CBM 197 Extra"]
[Source "ChessBase"]
[SourceDate "2020.09.30"]
[SourceVersion "1"]
[SourceVersionDate "2020.09.30"]
[SourceQuality "1"]

1. d4 Nf6 2. Nf3 d5 3. e3 Bf5 4. Bd3 Bxd3 5. Qxd3 e6 6. 0-0 c5 7. c3 c4 8. Qd1 Nbd7 9. Ne5 Nxe5 10. dxe5 Nd7 11. f4 Bc5 12. Rf3 Qb6 13. Rh3 0-0-0 14. Qe2 g5 15. Kf1 gxf4 16. exf4 Be7 17. Be3 Bc5 18. Bxc5 Qxc5 19. Qe3 Qxe3 20. Rxe3 Rdg8 21. Nd2 Nf8 22. Nf3 Ng6 23. g3 Rg7 24. Nd4 a6 25. Kf2 Rf8 26. b3 cxb3 27. axb3 Rfg8 28. Rc1 Kd7 29. c4 dxc4 30. Rxc4 Rc8 31. Rec3 Rxc4 32. Rxc4 Rg8 33. Nc2 Ne7 34. Ne3 Rc8 35. Rxc8 Kxc8 36. Ke2 Kc7 37. Kd3 Kc6 38. Nc4 Nf5 39. Na5+ Kc7 40. Ke4 b6 41. Nc4 b5 42. Nd2 Kc6 43. b4 Kb6 44. Nb3 Kc6 45. g4 Ne7 46. Nc1 Nd5 47. Nd3 Nc3+ 48. Ke3 Nd5+ 49. Kd4 h6 50. f5 exf5 51. gxf5 Nc7 52. Nf4 1-0

[Event "Niedersachsen-ch op-B"]
[Site "Verden an der Aller"]
[Date "2020.01.03"]
[Round "3"]
[White "Bangert, Jonas"]
[Black "Schmugge, Jens"]
[Result "1-0"]
[WhiteElo "1505"]
[BlackElo "1663"]
[PlyCount "41"]
[EventDate "2020.01.02"]
[EventType "swiss"]
[EventRounds "7"]
[EventCountry "GER"]
[SourceTitle "EXT 2023"]
[Source "ChessBase"]
[SourceDate "2022.10.05"]
[SourceVersion "1"]
[SourceVersionDate "2022.10.05"]
[SourceQuality "1"]

1. d4 e6 2. c4 d5 3. Nc3 Nf6 4. Nf3 Be7 5. Bf4 0-0 6. e3 c6 7. Qc2 Nbd7 8. cxd5 exd5 9. Bd3 Re8 10. h3 Nf8 11. g4 Bb4 12. a3 Qa5 13. Ke2 Bxc3 14. bxc3 b6 15. Bd6 Ba6 16. Bxf8 Bxd3+ 17. Qxd3 Kxf8 18. c4 Rac8 19. Ne5 dxc4 20. Qxc4 c5 21. Qxf7# 1-0